Social structure and cultural change in the Saharia tribe / (Record no. 123075)

MARC details
000 -LEADER
fixed length control field 00754nam a22002297a 4500
005 - DATE AND TIME OF LATEST TRANSACTION
control field 20170124105920.0
010 ## - LIBRARY OF CONGRESS CONTROL NUMBER
LC control number A-936186
020 ## - INTERNATIONAL STANDARD BOOK NUMBER
Terms of availability 00.00
International Standard Book Number 8175330716
035 ## - SYSTEM CONTROL NUMBER
System control number A-936186
037 ## - SOURCE OF ACQUISITION
Source of stock number/acquisition Cen Lib/Ret
040 ## - CATALOGING SOURCE
Original cataloging agency DPL
Language of cataloging EN
082 ## - DEWEY DECIMAL CLASSIFICATION NUMBER
Classification number 307.772
Item number MAN
100 ## - MAIN ENTRY--PERSONAL NAME
Personal name Mandal, Debabrata
9 (RLIN) 74174
245 ## - TITLE STATEMENT
Title Social structure and cultural change in the Saharia tribe /
Statement of responsibility, etc by Debabrata Mandal
260 ## - PUBLICATION, DISTRIBUTION, ETC. (IMPRINT)
Place of publication, distribution, etc New Delhi
Name of publisher, distributor, etc M D publications
Date of publication, distribution, etc 1998
270 ## - ADDRESS
Address B/23-E,GreatetrKailash I
City New Delhi
Postal code 110048
300 ## - PHYSICAL DESCRIPTION
Extent 165p. :
Dimensions 20cm(Hb)
Other physical details ill.
500 ## - GENERAL NOTE
General note Includes bibliography reference appendix and index
650 ## - SUBJECT ADDED ENTRY--TOPICAL TERM
Topical term or geographic name as entry element Saharia tribe-India
9 (RLIN) 74175
650 ## - SUBJECT ADDED ENTRY--TOPICAL TERM
Topical term or geographic name as entry element Economic organisation
9 (RLIN) 74176
942 ## - ADDED ENTRY ELEMENTS (KOHA)
Source of classification or shelving scheme Dewey Decimal Classification
Koha item type English Books
Classification part 307.772
Call number suffix MAN
Holdings
Withdrawn status Lost status Damaged status Not for loan Home library Current library Date acquired Source of acquisition Cost, normal purchase price Total Checkouts Full call number Barcode Date last seen Copy number Cost, replacement price Price effective from Koha item type
        Central Library Central Library 02/06/2015 Cen Lib/Ret 0.00   307.772 MAN A-936186 02/06/2015 1 0.00 02/06/2015 English Books

© Delhi Public Library
Hit Counter
free hit counter